Macrosistema del cantón de Desamparados (Registro nro. 6550)
[ vista simple ]
| 000 -LEADER | |
|---|---|
| fixed length control field | 01011aam a2200337 4500 |
| 005 - DATE AND TIME OF LATEST TRANSACTION | |
| control field | 20170208182610.0 |
| 008 - FIXED-LENGTH DATA ELEMENTS--GENERAL INFORMATION | |
| fixed length control field | 150727b xxu||||| |||| 00| 0 spa d |
| 041 ## - LANGUAGE CODE | |
| Language code of text/sound track or separate title | spa |
| 082 ## - DEWEY DECIMAL CLASSIFICATION NUMBER | |
| Classification number | GT 9 |
| 100 ## - MAIN ENTRY--AUTHOR NAME | |
| Personal name | Cortés Rodríguez Angeline |
| 100 ## - MAIN ENTRY--AUTHOR NAME | |
| Personal name | Gómez Magaña, Oscar |
| 100 ## - MAIN ENTRY--AUTHOR NAME | |
| Personal name | Muñoz Hernández, María |
| 100 ## - MAIN ENTRY--AUTHOR NAME | |
| Personal name | Ortega, Montserrat |
| 100 ## - MAIN ENTRY--AUTHOR NAME | |
| Personal name | Rámirez Víquez, Fanny |
| 100 ## - MAIN ENTRY--AUTHOR NAME | |
| Personal name | Vargas Cubillo, Alejandra |
| 245 ## - TITLE STATEMENT | |
| Title | Macrosistema del cantón de Desamparados |
| 260 ## - PUBLICATION, DISTRIBUTION, ETC. (IMPRINT) | |
| Year of publication | 2008 |
| 300 ## - PHYSICAL DESCRIPTION | |
| Number of Pages | 99 páginas |
| 502 ## - DISSERTATION NOTE | |
| Dissertation note | |
| 650 ## - SUBJECT ADDED ENTRY--TOPICAL TERM | |
| Topical Term | CANTÓN DE DESAMPARADOS |
| 650 ## - SUBJECT ADDED ENTRY--TOPICAL TERM | |
| Topical Term | HISTORIA |
| 650 ## - SUBJECT ADDED ENTRY--TOPICAL TERM | |
| Topical Term | POSICIÓN GEOGRÁFICA |
| 650 ## - SUBJECT ADDED ENTRY--TOPICAL TERM | |
| Topical Term | POBLACIÓN |
| 650 ## - SUBJECT ADDED ENTRY--TOPICAL TERM | |
| Topical Term | SISTEMA AMBIENTAL |
| 650 ## - SUBJECT ADDED ENTRY--TOPICAL TERM | |
| Topical Term | DESARROLLO ECONÓMICO |
| 650 ## - SUBJECT ADDED ENTRY--TOPICAL TERM | |
| Topical Term | ZONAS ALARMANTES |
| 650 ## - SUBJECT ADDED ENTRY--TOPICAL TERM | |
| Topical Term | DISTRITOS DE DESAMPARADOS |
| 650 ## - SUBJECT ADDED ENTRY--TOPICAL TERM | |
| Topical Term | ATRACTIVOS TURÍSTICOS |
| 650 ## - SUBJECT ADDED ENTRY--TOPICAL TERM | |
| Topical Term | COSTA RICA |
| 942 ## - ADDED ENTRY ELEMENTS (KOHA) | |
| Koha item type | Disco Compacto |
| Withdrawn status | Lost status | Damaged status | Not for loan | Home library | Current library | Date acquired | Precio de compra | Total Checkouts | Full call number | Accession Number | Date last seen | Date checked out | Price effective from | Koha item type |
|---|---|---|---|---|---|---|---|---|---|---|---|---|---|---|
| Departamento de Biblioteca y Documentación Alfonso Chase Brenes | Departamento de Biblioteca y Documentación Alfonso Chase Brenes | 08/02/2017 | 62720.00 | 1 | GT 9 | GT9 | 01/06/2017 | 19/05/2017 | 08/02/2017 | Disco Compacto |